000
00331nam a2200133Ia 4500
008
240624s9999 xx 000 0 und d
041
_a
eng
082
_a
658.827 AAK
100
_a
AAKER DAVID A
245
_a
BRAND LEADERSHIP
260
_c
2000
_a
London
_b
Free Press Business
300
_a
xii, : 351 : p. : cm. ; 23
365
_c
_b
20
999
_c
6887
_d
6887